[Event "gorzyce wielkie"]
[Site "?"]
[Date "2020.02.08"]
[Round "8.1"]
[White "Maciejczak, Jakub"]
[Black "Banach, Szymon"]
[Result "1-0"]
[BlackElo "1912"]
[WhiteElo "2313"]
[LiveChessVersion "1.4.8"]

1. e4 {[%clk 0:03:02]} c5 {[%clk 0:03:04]} 2. Nc3 {[%clk 0:03:03]} g6
{[%clk 0:03:05]} 3. g3 Bg7 4. Bg2 {[%clk 0:03:04]} e6 {[%clk 0:03:09]} 5. d3
{[%clk 0:03:03]} Ne7 {[%clk 0:03:10]} 6. Be3 {[%clk 0:03:04]} d6 {[%clk 0:03:11]}
7. Qd2 {[%clk 0:03:04]} O-O {[%clk 0:03:11]} 8. Bh6 {[%clk 0:03:04]} Nbc6
{[%clk 0:03:12]} 9. h4 {[%clk 0:03:03]} Nd4 {[%clk 0:03:08]} 10. h5
{[%clk 0:02:57]} Nxc2+ {[%clk 0:01:30]} 11. Qxc2 {[%clk 0:02:57]} Bxh6
{[%clk 0:01:32]} 12. hxg6 {[%clk 0:02:56]} Bg7 {[%clk 0:01:32]} 13. gxf7+
{[%clk 0:02:42]} Rxf7 {[%clk 0:01:31]} 14. f4 {[%clk 0:02:38]} b5
{[%clk 0:01:28]} 15. Nxb5 {[%clk 0:01:53]} Qa5+ {[%clk 0:01:30]} 16. Nc3
{[%clk 0:01:53]} Rb8 {[%clk 0:01:31]} 17. Nge2 {[%clk 0:01:50]} Nc6
{[%clk 0:01:27]} 18. O-O {[%clk 0:01:04]} Ba6 {[%clk 0:01:28]} 19. Qd2
{[%clk 0:00:42]} Nb4 {[%clk 0:01:21]} 20. Nc1 {[%clk 0:00:39]} Bd4+
{[%clk 0:01:19]} 21. Kh2 {[%clk 0:00:36]} Rf6 {[%clk 0:01:17]} 22. Bh3
{[%clk 0:00:36]} Bc8 {[%clk 0:01:16]} 23. Nb3 {[%clk 0:00:31]} Qd8
{[%clk 0:01:12]} 24. Nxd4 {[%clk 0:00:30]} cxd4 {[%clk 0:01:13]} 25. Ne2
{[%clk 0:00:31]} Rh6 {[%clk 0:01:11]} 26. Kg2 {[%clk 0:00:30]} Rg6
{[%clk 0:01:01]} 27. f5 {[%clk 0:00:28]} exf5 {[%clk 0:01:00]} 28. Bxf5
{[%clk 0:00:29]} Rg7 {[%clk 0:00:57]} 29. a3 {[%clk 0:00:23]} Nc6
{[%clk 0:00:52]} 30. Rac1 {[%clk 0:00:24]} Bxf5 {[%clk 0:00:51]} 31. Rxf5
{[%clk 0:00:24]} Ne5 {[%clk 0:00:52]} 32. Nxd4 {[%clk 0:00:23]} Qh4
{[%clk 0:00:52]} 33. Ne2 {[%clk 0:00:21]} Qe7 {[%clk 0:00:25]} 34. b4
{[%clk 0:00:22]} Re8 {[%clk 0:00:25]} 35. Rcf1 {[%clk 0:00:23]} d5
{[%clk 0:00:25]} 36. Nc3 {[%clk 0:00:21]} dxe4 {[%clk 0:00:19]} 37. Nxe4
{[%clk 0:00:22]} Rd8 {[%clk 0:00:13]} 38. d4 {[%clk 0:00:21]} Qb7
{[%clk 0:00:12]} 39. Qe3 {[%clk 0:00:20]} Nc4 {[%clk 0:00:10]} 40. Qe2
{[%clk 0:00:20]} Nd6 {[%clk 0:00:11]} 41. Re5 {[%clk 0:00:20]} Nf7
{[%clk 0:00:10]} 42. Ref5 {[%clk 0:00:15]} Rxd4 {[%clk 0:00:11]} 43. R5f4
{[%clk 0:00:15]} h6 {[%clk 0:00:09]} 44. Kh2 {[%clk 0:00:16]} Kh8
{[%clk 0:00:04]} 45. Nf6 {[%clk 0:00:16]} Qc6 {[%clk 0:00:04]} 46. Rxd4 Qb7
{[%clk 0:00:04]} 47. Qe8+ {[%clk 0:00:16]} 1-0

[Event "gorzyce wielkie"]
[Site "?"]
[Date "2020.02.08"]
[Round "8.2"]
[White "Sobczak, Miroslaw"]
[Black "Pera, Adam"]
[Result "1/2-1/2"]
[BlackElo "1840"]
[WhiteElo "1886"]
[LiveChessVersion "1.4.8"]

1. e4 {[%clk 0:03:03]} c6 {[%clk 0:03:04]} 2. d4 {[%clk 0:03:04]} d5
{[%clk 0:03:05]} 3. Nc3 {[%clk 0:03:05]} dxe4 {[%clk 0:03:06]} 4. Nxe4
{[%clk 0:03:06]} Nd7 {[%clk 0:03:07]} 5. Ng5 {[%clk 0:03:06]} Ngf6
{[%clk 0:03:08]} 6. Bd3 {[%clk 0:03:07]} e6 {[%clk 0:03:08]} 7. N1f3
{[%clk 0:03:08]} Bd6 {[%clk 0:03:07]} 8. Qe2 {[%clk 0:03:09]} h6 {[%clk 0:03:08]}
9. Ne4 {[%clk 0:03:10]} Nxe4 {[%clk 0:03:09]} 10. Qxe4 {[%clk 0:03:11]} Nf6
{[%clk 0:03:09]} 11. Qe2 {[%clk 0:03:11]} Qc7 {[%clk 0:03:05]} 12. Bd2
{[%clk 0:03:11]} b6 {[%clk 0:03:06]} 13. Ne5 {[%clk 0:03:08]} Bb7
{[%clk 0:03:06]} 14. f4 {[%clk 0:03:08]} O-O-O {[%clk 0:03:01]} 15. O-O-O
{[%clk 0:03:08]} c5 {[%clk 0:02:52]} 16. dxc5 {[%clk 0:03:06]} Bxc5
{[%clk 0:02:53]} 17. Kb1 {[%clk 0:03:07]} Rhe8 {[%clk 0:02:39]} 18. Bc3
{[%clk 0:03:08]} Nd5 {[%clk 0:02:09]} 19. Bd2 {[%clk 0:03:08]} a5
{[%clk 0:00:42]} 20. a3 {[%clk 0:03:09]} Kb8 {[%clk 0:00:36]} 21. Bb5
{[%clk 0:03:09]} Rf8 {[%clk 0:00:25]} 22. Rhe1 {[%clk 0:03:09]} Ka7
{[%clk 0:00:21]} 23. Bd3 {[%clk 0:02:44]} Rfe8 {[%clk 0:00:19]} 24. c4
{[%clk 0:02:44]} Nf6 {[%clk 0:00:17]} 25. Bc3 {[%clk 0:02:45]} Bd4
{[%clk 0:00:11]} 26. Qc2 {[%clk 0:02:37]} Bxc3 {[%clk 0:00:11]} 27. Qxc3
{[%clk 0:02:38]} Rf8 {[%clk 0:00:06]} 28. g3 {[%clk 0:02:35]} Nd7
{[%clk 0:00:07]} 29. Bc2 {[%clk 0:02:11]} Nxe5 {[%clk 0:00:08]} 30. Rxe5
{[%clk 0:02:11]} Rxd1+ {[%clk 0:00:08]} 31. Bxd1 {[%clk 0:02:12]} Rc8
{[%clk 0:00:09]} 32. Be2 {[%clk 0:02:09]} Qd6 {[%clk 0:00:09]} 33. Qe3
{[%clk 0:02:02]} Ba6 {[%clk 0:00:09]} 34. Re4 {[%clk 0:01:57]} Rc5
{[%clk 0:00:10]} 35. Rd4 Qe7 {[%clk 0:00:08]} 36. b3 {[%clk 0:01:56]} Rc7
{[%clk 0:00:08]} 37. Kb2 {[%clk 0:01:58]} Qc5 {[%clk 0:00:09]} 38. Bf3
{[%clk 0:01:54]} f6 {[%clk 0:00:10]} 39. Rd3 {[%clk 0:01:50]} Qxe3
{[%clk 0:00:10]} 40. Rxe3 {[%clk 0:01:50]} Re7 {[%clk 0:00:11]} 41. Kc3
{[%clk 0:01:45]} Bb7 {[%clk 0:00:10]} 42. Bg4 {[%clk 0:01:45]} Bc8
{[%clk 0:00:09]} 43. Kd4 {[%clk 0:01:45]} Kb7 {[%clk 0:00:10]} 44. Bf3+
{[%clk 0:01:43]} Kc7 {[%clk 0:00:11]} 45. c5 {[%clk 0:01:41]} Rd7+
{[%clk 0:00:12]} 46. Kc3 {[%clk 0:01:34]} bxc5 {[%clk 0:00:12]} 47. Rxe6
{[%clk 0:01:35]} Rd6 {[%clk 0:00:07]} 48. Re7+ {[%clk 0:01:33]} Rd7
{[%clk 0:00:08]} 49. Rxd7+ {[%clk 0:01:29]} Bxd7 {[%clk 0:00:08]} 50. Kc4
{[%clk 0:01:31]} Kd6 {[%clk 0:00:08]} 51. Bb7 {[%clk 0:01:26]} Be6+
{[%clk 0:00:08]} 52. Kb5 {[%clk 0:01:25]} Bxb3 {[%clk 0:00:09]} 53. Kxa5
{[%clk 0:01:25]} Bd5 {[%clk 0:00:05]} 54. Ba6 {[%clk 0:01:25]} Bc6
{[%clk 0:00:05]} 55. Bc4 {[%clk 0:01:25]} Bd5 {[%clk 0:00:06]} 56. Kb5
{[%clk 0:01:24]} Bc6+ {[%clk 0:00:07]} 57. Kb6 {[%clk 0:01:24]} Bd5
{[%clk 0:00:08]} 58. Bd3 {[%clk 0:01:18]} c4 {[%clk 0:00:09]} 59. Bc2
{[%clk 0:01:19]} c3 {[%clk 0:00:10]} 60. a4 {[%clk 0:01:21]} Bc4 {[%clk 0:00:05]}
61. a5 {[%clk 0:01:22]} Kd5 {[%clk 0:00:07]} 62. a6 {[%clk 0:01:23]} Kd4
{[%clk 0:00:06]} 63. a7 {[%clk 0:01:24]} Bd5 {[%clk 0:00:07]} 64. Bb3
{[%clk 0:01:16]} Be4 {[%clk 0:00:07]} 65. Ba4 {[%clk 0:01:16]} Ba8
{[%clk 0:00:03]} 66. Kc7 {[%clk 0:01:15]} Ke3 {[%clk 0:00:03]} 67. Kb8
{[%clk 0:01:16]} Bd5 {[%clk 0:00:05]} 68. Kc7 {[%clk 0:01:17]} Kd2
{[%clk 0:00:06]} 69. Bc6 {[%clk 0:01:18]} Bxc6 {[%clk 0:00:06]} 70. Kxc6
{[%clk 0:01:18]} c2 {[%clk 0:00:07]} 71. a8=Q {[%clk 0:01:19]} c1=Q+
{[%clk 0:00:08]} 72. Kd7 {[%clk 0:01:20]} Ke2 {[%clk 0:00:05]} 73. Qe4+
{[%clk 0:01:18]} Kf2 {[%clk 0:00:06]} 74. Ke7 {[%clk 0:01:11]} Kg1
{[%clk 0:00:06]} 75. Qe2 {[%clk 0:01:10]} Qc7+ {[%clk 0:00:07]} 76. Kf8
{[%clk 0:01:11]} Qd7 {[%clk 0:00:06]} 77. h4 {[%clk 0:01:08]} Qh3
{[%clk 0:00:07]} 78. Qf3 {[%clk 0:01:06]} Kh2 {[%clk 0:00:08]} 79. Qf2+
{[%clk 0:01:07]} Kh1 {[%clk 0:00:08]} 80. Kxg7 {[%clk 0:01:08]} f5
{[%clk 0:00:06]} 81. Kxh6 {[%clk 0:01:06]} Qxh4+ {[%clk 0:00:06]} 82. Kg6
{[%clk 0:00:57]} Qh6+ {[%clk 0:00:06]} 83. Kf7 {[%clk 0:00:54]} Qf6+
{[%clk 0:00:07]} 84. Ke8 {[%clk 0:00:55]} Qe7+ {[%clk 0:00:08]} 1/2-1/2

[Event "gorzyce wielkie"]
[Site "?"]
[Date "2020.02.08"]
[Round "8.3"]
[White "Mocny, Tomasz"]
[Black "Piekielny, Pawel"]
[Result "1/2-1/2"]
[BlackElo "1773"]
[WhiteElo "1768"]
[LiveChessVersion "1.4.8"]

1. c4 {[%clk 0:03:03]} Nf6 {[%clk 0:03:03]} 2. Nc3 {[%clk 0:03:04]} e6
{[%clk 0:03:04]} 3. g3 {[%clk 0:03:03]} Be7 {[%clk 0:02:55]} 4. e4
{[%clk 0:02:56]} d6 {[%clk 0:02:44]} 5. Bg2 {[%clk 0:02:54]} c5 {[%clk 0:02:36]}
6. Nge2 {[%clk 0:02:48]} O-O {[%clk 0:02:22]} 7. O-O {[%clk 0:02:47]} Nc6
{[%clk 0:02:21]} 8. f4 {[%clk 0:02:26]} a6 {[%clk 0:02:17]} 9. d3
{[%clk 0:01:50]} Rb8 {[%clk 0:02:10]} 10. b3 {[%clk 0:01:38]} Qc7
{[%clk 0:01:53]} 11. f5 {[%clk 0:01:06]} b5 {[%clk 0:01:29]} 12. fxe6
{[%clk 0:00:56]} fxe6 {[%clk 0:01:28]} 13. Nf4 {[%clk 0:00:49]} b4
{[%clk 0:01:11]} 14. Nce2 {[%clk 0:00:51]} e5 {[%clk 0:01:10]} 15. Nd5
{[%clk 0:00:45]} Nxd5 {[%clk 0:01:10]} 16. exd5 {[%clk 0:00:45]} Nd4
{[%clk 0:01:09]} 17. Nxd4 {[%clk 0:00:44]} exd4 {[%clk 0:01:02]} 18. Rxf8+
{[%clk 0:00:34]} Bxf8 {[%clk 0:01:02]} 1/2-1/2

[Event "gorzyce wielkie"]
[Site "?"]
[Date "2020.02.08"]
[Round "8.4"]
[White "Michalski, Karol"]
[Black "Malecki, Eugeniusz"]
[Result "1-0"]
[BlackElo "1729"]
[WhiteElo "1946"]
[LiveChessVersion "1.4.8"]

1. d4 {[%clk 0:03:04]} d5 {[%clk 0:03:01]} 2. c4 {[%clk 0:03:05]} e6
{[%clk 0:03:02]} 3. Nc3 {[%clk 0:03:06]} Nf6 {[%clk 0:03:03]} 4. Nf3
{[%clk 0:03:07]} Be7 {[%clk 0:03:04]} 5. e3 {[%clk 0:03:06]} O-O {[%clk 0:03:04]}
6. Bd3 {[%clk 0:03:06]} b6 {[%clk 0:03:04]} 7. cxd5 {[%clk 0:02:59]} exd5
{[%clk 0:03:05]} 8. Ne5 {[%clk 0:02:56]} Bb7 {[%clk 0:03:06]} 9. Qf3
{[%clk 0:02:54]} Nbd7 {[%clk 0:03:02]} 10. O-O {[%clk 0:02:52]} Re8
{[%clk 0:03:01]} 11. Rd1 {[%clk 0:02:35]} a6 {[%clk 0:03:00]} 12. b3
{[%clk 0:02:28]} Nf8 {[%clk 0:03:01]} 13. Bb2 {[%clk 0:02:26]} Bd6
{[%clk 0:02:58]} 14. Ne2 {[%clk 0:02:18]} Ne4 {[%clk 0:02:55]} 15. Ng3
{[%clk 0:02:11]} f6 {[%clk 0:02:56]} 16. Ng4 {[%clk 0:01:57]} Qd7
{[%clk 0:02:51]} 17. h4 {[%clk 0:01:14]} Bc8 {[%clk 0:02:43]} 18. Nh2
{[%clk 0:01:12]} Bb7 {[%clk 0:02:43]} 19. h5 {[%clk 0:01:10]} Qe6
{[%clk 0:02:29]} 20. Nf5 {[%clk 0:01:06]} Ng5 {[%clk 0:02:14]} 21. Qg4
{[%clk 0:01:04]} Qd7 {[%clk 0:01:52]} 22. f4 {[%clk 0:00:57]} Ne4
{[%clk 0:01:43]} 23. Nf3 {[%clk 0:00:54]} Bc8 {[%clk 0:01:41]} 24. N3h4
{[%clk 0:00:52]} Kh8 {[%clk 0:01:38]} 25. Qf3 {[%clk 0:00:48]} Qf7
{[%clk 0:01:34]} 26. g4 {[%clk 0:00:47]} Bd7 {[%clk 0:01:20]} 27. Rac1
{[%clk 0:00:47]} Rac8 {[%clk 0:01:21]} 28. h6 {[%clk 0:00:37]} g6
{[%clk 0:01:20]} 29. Ng7 {[%clk 0:00:38]} Red8 {[%clk 0:01:20]} 30. Bxe4
{[%clk 0:00:38]} dxe4 {[%clk 0:01:20]} 31. Qg2 {[%clk 0:00:34]} Ne6
{[%clk 0:01:06]} 32. g5 {[%clk 0:00:31]} Nxg7 {[%clk 0:01:06]} 33. hxg7+
{[%clk 0:00:33]} Qxg7 {[%clk 0:01:07]} 34. gxf6 {[%clk 0:00:34]} Qf7
{[%clk 0:01:04]} 35. d5 {[%clk 0:00:35]} Bc5 {[%clk 0:01:01]} 36. Kf2
{[%clk 0:00:32]} Re8 {[%clk 0:00:49]} 37. Qg5 {[%clk 0:00:30]} Rcd8
{[%clk 0:00:29]} 38. Nxg6+ {[%clk 0:00:30]} hxg6 {[%clk 0:00:27]} 39. Rh1+ Kg8
40. Qh6 {[%clk 0:00:32]} Bxe3+ {[%clk 0:00:03]} 41. Kxe3 {[%clk 0:00:33]} Bh3 42.
Rxh3 1-0

[Event "gorzyce wielkie"]
[Site "?"]
[Date "2020.02.08"]
[Round "8.5"]
[White "Rosik, Jakub"]
[Black "Barwinska, Ewa"]
[Result "1-0"]
[BlackElo "1460"]
[WhiteElo "1847"]
[LiveChessVersion "1.4.8"]

1. e4 {[%clk 0:03:02]} c5 {[%clk 0:03:04]} 2. d4 {[%clk 0:03:03]} cxd4 3. c3
{[%clk 0:03:04]} dxc3 {[%clk 0:03:05]} 4. Nxc3 {[%clk 0:03:05]} Nc6
{[%clk 0:03:03]} 5. Nf3 {[%clk 0:03:06]} e6 {[%clk 0:03:01]} 6. Bc4
{[%clk 0:03:07]} a6 {[%clk 0:03:03]} 7. O-O {[%clk 0:03:08]} b5 {[%clk 0:03:04]}
8. Bb3 {[%clk 0:03:09]} Nge7 {[%clk 0:03:04]} 9. Qe2 {[%clk 0:03:10]} Ng6
{[%clk 0:02:49]} 10. Rd1 {[%clk 0:03:11]} Qc7 {[%clk 0:02:41]} 11. g3
{[%clk 0:03:07]} Be7 {[%clk 0:02:35]} 12. Be3 {[%clk 0:02:57]} O-O
{[%clk 0:02:22]} 13. Rac1 {[%clk 0:02:58]} Bb7 {[%clk 0:02:14]} 14. Nd5
{[%clk 0:02:53]} exd5 {[%clk 0:02:06]} 15. exd5 {[%clk 0:02:54]} Bf6
{[%clk 0:01:56]} 16. dxc6 {[%clk 0:02:55]} Bxc6 {[%clk 0:01:55]} 17. Nd4
{[%clk 0:02:30]} Qb7 {[%clk 0:01:38]} 18. Nxc6 {[%clk 0:02:20]} dxc6
{[%clk 0:01:39]} 19. Qc2 {[%clk 0:02:18]} Rac8 {[%clk 0:01:38]} 20. Bc5
{[%clk 0:02:13]} Rfe8 {[%clk 0:01:35]} 21. a4 {[%clk 0:02:01]} Ne5
{[%clk 0:01:31]} 22. Kg2 {[%clk 0:01:57]} Nd7 {[%clk 0:01:17]} 23. axb5 axb5
{[%clk 0:01:05]} 24. Qf5 {[%clk 0:01:24]} Nxc5 {[%clk 0:01:02]} 25. Rxc5
{[%clk 0:01:24]} Bxb2 {[%clk 0:00:44]} 26. Rd7 {[%clk 0:01:24]} Qb6
{[%clk 0:00:34]} 27. Bxf7+ {[%clk 0:01:06]} Kh8 {[%clk 0:00:36]} 28. Bxe8
{[%clk 0:01:06]} Rxe8 {[%clk 0:00:37]} 29. Qf7 {[%clk 0:00:35]} Rb8
{[%clk 0:00:29]} 30. Rc2 {[%clk 0:00:36]} Bf6 {[%clk 0:00:28]} 31. Re2
{[%clk 0:00:36]} h6 {[%clk 0:00:27]} 32. Re8+ {[%clk 0:00:37]} Rxe8
{[%clk 0:00:27]} 33. Qxe8+ {[%clk 0:00:38]} Kh7 {[%clk 0:00:24]} 34. Qe4+
{[%clk 0:00:36]} Kh8 {[%clk 0:00:23]} 35. Rd6 {[%clk 0:00:26]} Qc7
{[%clk 0:00:07]} 36. Rxc6 {[%clk 0:00:26]} Qf7 {[%clk 0:00:07]} 37. Rc8+
{[%clk 0:00:27]} 1-0

[Event "gorzyce wielkie"]
[Site "?"]
[Date "2020.02.08"]
[Round "8.7"]
[White "Szelag, Zuzanna"]
[Black "Rozumek, Krzysztof"]
[Result "0-1"]
[BlackElo "1861"]
[WhiteElo "1672"]
[LiveChessVersion "1.4.8"]

1. e4 {[%clk 0:03:03]} c6 {[%clk 0:03:04]} 2. d4 {[%clk 0:03:04]} d5
{[%clk 0:03:05]} 3. Nd2 {[%clk 0:03:05]} dxe4 {[%clk 0:03:06]} 4. Nxe4
{[%clk 0:03:06]} Nf6 {[%clk 0:03:07]} 5. Nxf6+ {[%clk 0:03:05]} gxf6
{[%clk 0:03:09]} 6. c3 {[%clk 0:03:05]} Bf5 {[%clk 0:03:09]} 7. Bd3
{[%clk 0:03:00]} Bxd3 {[%clk 0:03:09]} 8. Qxd3 {[%clk 0:03:01]} Nd7
{[%clk 0:03:09]} 9. Be3 {[%clk 0:02:47]} e6 {[%clk 0:03:09]} 10. Ne2
{[%clk 0:02:42]} Bd6 {[%clk 0:03:07]} 11. Qd2 {[%clk 0:02:33]} Qc7
{[%clk 0:02:54]} 12. O-O-O {[%clk 0:02:10]} O-O-O {[%clk 0:02:51]} 13. Kb1
{[%clk 0:02:05]} f5 {[%clk 0:02:49]} 14. g3 {[%clk 0:02:00]} h5 {[%clk 0:02:44]}
15. Bf4 {[%clk 0:01:43]} h4 {[%clk 0:02:21]} 16. Qc2 {[%clk 0:01:39]} Rdg8
{[%clk 0:02:11]} 17. Qa4 {[%clk 0:01:31]} a6 {[%clk 0:02:00]} 18. c4
{[%clk 0:01:07]} Nf6 {[%clk 0:01:56]} 19. f3 {[%clk 0:00:57]} hxg3
{[%clk 0:01:39]} 20. hxg3 {[%clk 0:00:38]} Nh5 {[%clk 0:01:35]} 21. Bxd6
{[%clk 0:00:37]} Qxd6 {[%clk 0:01:35]} 22. f4 {[%clk 0:00:32]} Nf6
{[%clk 0:01:27]} 23. c5 {[%clk 0:00:23]} Qd5 {[%clk 0:01:17]} 24. Rhg1
{[%clk 0:00:23]} Qe4+ {[%clk 0:01:15]} 25. Qc2 {[%clk 0:00:21]} Rh2
{[%clk 0:01:14]} 26. Qxe4 {[%clk 0:00:18]} Nxe4 {[%clk 0:01:14]} 27. Rde1
{[%clk 0:00:16]} Nd2+ {[%clk 0:01:07]} 28. Kc2 {[%clk 0:00:16]} Nf3
{[%clk 0:01:08]} 29. Rh1 {[%clk 0:00:16]} Rf2 {[%clk 0:01:03]} 30. Kd3
{[%clk 0:00:11]} Nxe1+ {[%clk 0:01:02]} 31. Rxe1 {[%clk 0:00:12]} Rh2
{[%clk 0:01:00]} 32. Rg1 {[%clk 0:00:10]} Rgh8 {[%clk 0:00:56]} 33. Ke3
{[%clk 0:00:10]} Rh1 {[%clk 0:00:55]} 34. Rg2 {[%clk 0:00:10]} Ra1
{[%clk 0:00:55]} 35. Nc3 {[%clk 0:00:11]} Rhh1 {[%clk 0:00:52]} 36. g4
{[%clk 0:00:11]} Rae1+ {[%clk 0:00:50]} 37. Kd3 {[%clk 0:00:12]} fxg4
{[%clk 0:00:44]} 38. Rxg4 {[%clk 0:00:13]} Rh3+ {[%clk 0:00:43]} 39. Kc4
{[%clk 0:00:13]} Rh7 {[%clk 0:00:38]} 40. Rg8+ {[%clk 0:00:07]} Kc7
{[%clk 0:00:38]} 41. b4 {[%clk 0:00:08]} Rc1 {[%clk 0:00:38]} 42. Rg3
{[%clk 0:00:07]} Rh2 {[%clk 0:00:29]} 43. Kb3 {[%clk 0:00:07]} Rh7
{[%clk 0:00:26]} 44. Ne4 {[%clk 0:00:07]} f5 {[%clk 0:00:24]} 45. Nd6
{[%clk 0:00:08]} Rch1 {[%clk 0:00:22]} 46. Rg6 {[%clk 0:00:09]} b5
{[%clk 0:00:22]} 47. Rg8 {[%clk 0:00:09]} R7h3+ {[%clk 0:00:20]} 48. Kb2
{[%clk 0:00:09]} R1h2+ {[%clk 0:00:20]} 49. Kb1 {[%clk 0:00:10]} Rf3
{[%clk 0:00:12]} 50. Rg7+ {[%clk 0:00:11]} Kd8 {[%clk 0:00:13]} 51. Rg8+
{[%clk 0:00:11]} Ke7 {[%clk 0:00:14]} 52. Rg7+ {[%clk 0:00:10]} Kf8
{[%clk 0:00:15]} 53. Rf7+ {[%clk 0:00:11]} Kg8 {[%clk 0:00:17]} 0-1

[Event "gorzyce wielkie"]
[Site "?"]
[Date "2020.02.08"]
[Round "8.8"]
[White "Hemmerling, Jaroslaw"]
[Black "Wronka, Arkadiusz"]
[Result "0-1"]
[BlackElo "1609"]
[WhiteElo "1615"]
[LiveChessVersion "1.4.8"]

1. e4 {[%clk 0:03:03]} c5 {[%clk 0:03:02]} 2. Nf3 {[%clk 0:03:03]} d6
{[%clk 0:03:03]} 3. Bb5+ {[%clk 0:03:04]} Nd7 {[%clk 0:03:03]} 4. O-O a6 5. Be2
{[%clk 0:02:56]} g6 {[%clk 0:03:03]} 6. d4 {[%clk 0:02:54]} Bg7 {[%clk 0:03:01]}
7. Nc3 {[%clk 0:02:47]} b5 {[%clk 0:02:47]} 8. a4 {[%clk 0:02:35]} b4
{[%clk 0:02:46]} 9. Nd5 {[%clk 0:02:36]} Bb7 {[%clk 0:02:37]} 10. Re1
{[%clk 0:02:22]} Bxd5 {[%clk 0:02:29]} 11. exd5 {[%clk 0:02:22]} Ngf6
{[%clk 0:02:27]} 12. Bf1 {[%clk 0:01:55]} O-O {[%clk 0:02:14]} 13. Bg5
{[%clk 0:01:48]} Re8 {[%clk 0:02:08]} 14. Qd2 {[%clk 0:01:37]} Qc7
{[%clk 0:01:44]} 15. a5 {[%clk 0:01:34]} Nxd5 {[%clk 0:01:26]} 16. dxc5
{[%clk 0:01:03]} Bxb2 {[%clk 0:01:27]} 17. Qxd5 {[%clk 0:00:59]} Bxa1
{[%clk 0:01:23]} 18. cxd6 {[%clk 0:00:48]} Qxc2 {[%clk 0:00:56]} 19. Rxa1
{[%clk 0:00:24]} b3 {[%clk 0:00:54]} 20. dxe7 {[%clk 0:00:23]} b2
{[%clk 0:00:50]} 21. Re1 {[%clk 0:00:15]} b1=Q {[%clk 0:00:49]} 22. Rxb1
{[%clk 0:00:15]} Qxb1 {[%clk 0:00:50]} 23. Qxd7 {[%clk 0:00:16]} Qb4
{[%clk 0:00:44]} 24. Nd4 {[%clk 0:00:11]} Qxa5 {[%clk 0:00:43]} 25. Nc6
{[%clk 0:00:10]} Qxg5 {[%clk 0:00:41]} 26. h3 a5 27. g3 a4 28. h4 0-1

[Event "gorzyce wielkie"]
[Site "?"]
[Date "2020.02.08"]
[Round "8.9"]
[White "Chmielarz, Maciej"]
[Black "Nowak, Roksana"]
[Result "1-0"]
[BlackElo "1299"]
[WhiteElo "1883"]
[LiveChessVersion "1.4.8"]

1. d4 {[%clk 0:03:02]} f5 {[%clk 0:03:03]} 2. c4 {[%clk 0:03:01]} Nf6
{[%clk 0:03:04]} 3. Nc3 {[%clk 0:03:02]} e6 {[%clk 0:03:05]} 4. h4
{[%clk 0:03:03]} Bb4 {[%clk 0:03:05]} 5. a3 {[%clk 0:03:04]} Bxc3+
{[%clk 0:03:05]} 6. bxc3 {[%clk 0:03:05]} b6 {[%clk 0:03:06]} 7. Bg5
{[%clk 0:02:58]} Bb7 {[%clk 0:02:58]} 8. Nf3 {[%clk 0:02:40]} h6 {[%clk 0:02:57]}
9. Bf4 {[%clk 0:02:40]} d6 {[%clk 0:02:52]} 10. e3 {[%clk 0:02:30]} Nbd7
{[%clk 0:02:49]} 11. h5 {[%clk 0:02:21]} Ne4 {[%clk 0:02:12]} 12. Qc2
{[%clk 0:01:55]} Qe7 {[%clk 0:01:57]} 13. Nh4 {[%clk 0:01:41]} Qf7
{[%clk 0:01:58]} 14. Ng6 {[%clk 0:01:39]} Rg8 {[%clk 0:01:59]} 15. Be2
{[%clk 0:00:52]} Nef6 {[%clk 0:01:52]} 16. Rg1 {[%clk 0:00:38]} O-O-O
{[%clk 0:01:40]} 17. Qa4 {[%clk 0:00:35]} Kb8 {[%clk 0:01:37]} 18. Qb5
{[%clk 0:00:29]} Ne4 {[%clk 0:01:32]} 19. Qb2 {[%clk 0:00:26]} Nf8
{[%clk 0:01:25]} 20. Nxf8 {[%clk 0:00:22]} Qxf8 {[%clk 0:01:22]} 21. a4
{[%clk 0:00:22]} a5 {[%clk 0:01:21]} 22. c5 {[%clk 0:00:22]} dxc5
{[%clk 0:01:21]} 23. Qxb6 {[%clk 0:00:20]} Ka8 {[%clk 0:00:53]} 24. Qxa5+
{[%clk 0:00:19]} Kb8 {[%clk 0:00:54]} 25. Qxc7+ {[%clk 0:00:17]} Ka8
{[%clk 0:00:55]} 26. Qa5+ {[%clk 0:00:18]} Ba6 {[%clk 0:00:54]} 27. Qxa6#
{[%clk 0:00:19]} 1-0

[Event "gorzyce wielkie"]
[Site "?"]
[Date "2020.02.08"]
[Round "8.10"]
[White "Czerwinska, Milena"]
[Black "Szczepanski, Grzegorz"]
[Result "1-0"]
[BlackElo "1251"]
[WhiteElo "1834"]
[LiveChessVersion "1.4.8"]

1. e4 {[%clk 0:03:02]} e6 {[%clk 0:03:03]} 2. d4 {[%clk 0:03:03]} d5
{[%clk 0:03:05]} 3. e5 {[%clk 0:03:04]} c5 {[%clk 0:03:06]} 4. c3
{[%clk 0:03:05]} Nc6 {[%clk 0:03:06]} 5. Nf3 {[%clk 0:03:05]} cxd4
{[%clk 0:02:47]} 6. cxd4 {[%clk 0:03:05]} Qb6 {[%clk 0:02:24]} 7. a3
{[%clk 0:03:00]} Nge7 {[%clk 0:02:23]} 8. b4 {[%clk 0:03:00]} Nf5
{[%clk 0:02:22]} 9. Be3 {[%clk 0:03:00]} Be7 {[%clk 0:02:03]} 10. Bd3
{[%clk 0:02:58]} O-O {[%clk 0:02:00]} 11. Bxf5 {[%clk 0:02:56]} exf5
{[%clk 0:02:01]} 12. O-O {[%clk 0:02:56]} Be6 {[%clk 0:01:49]} 13. Nc3
{[%clk 0:02:56]} Rac8 {[%clk 0:01:49]} 14. Rc1 {[%clk 0:02:57]} a5
{[%clk 0:01:44]} 15. b5 {[%clk 0:02:54]} Nd8 {[%clk 0:01:26]} 16. a4
{[%clk 0:02:49]} f6 {[%clk 0:01:15]} 17. Qb3 {[%clk 0:01:50]} Nf7
{[%clk 0:00:28]} 18. Nxd5 {[%clk 0:01:14]} Bxd5 {[%clk 0:00:15]} 19. Qxd5
{[%clk 0:01:14]} Rfd8 {[%clk 0:00:17]} 20. Qb3 {[%clk 0:01:07]} fxe5
{[%clk 0:00:15]} 21. dxe5 {[%clk 0:01:03]} Qg6 {[%clk 0:00:10]} 22. Rxc8
{[%clk 0:00:33]} Rxc8 {[%clk 0:00:11]} 23. Rd1 {[%clk 0:00:32]} Rd8
{[%clk 0:00:12]} 24. Rc1 {[%clk 0:00:25]} f4 {[%clk 0:00:06]} 25. Bxf4
{[%clk 0:00:21]} Rd3 {[%clk 0:00:07]} 26. Qc2 {[%clk 0:00:18]} Bf8
{[%clk 0:00:04]} 27. Ne1 {[%clk 0:00:17]} Rd8 {[%clk 0:00:05]} 28. Qxg6 hxg6
{[%clk 0:00:06]} 29. Nf3 {[%clk 0:00:16]} Bb4 {[%clk 0:00:06]} 30. h3
{[%clk 0:00:17]} Ba3 {[%clk 0:00:06]} 31. Rc7 {[%clk 0:00:17]} Rd3
{[%clk 0:00:05]} 32. Rxb7 Rd1+ {[%clk 0:00:05]} 33. Kh2 {[%clk 0:00:18]} Nh6
{[%clk 0:00:03]} 34. e6 {[%clk 0:00:17]} Nf5 {[%clk 0:00:04]} 35. Ng5
{[%clk 0:00:16]} Re1 {[%clk 0:00:05]} 36. Rb8+ {[%clk 0:00:15]} Bf8
{[%clk 0:00:06]} 37. Ra8 {[%clk 0:00:10]} Nd4 {[%clk 0:00:07]} 38. b6
{[%clk 0:00:09]} Nxe6 {[%clk 0:00:08]} 39. Nxe6 {[%clk 0:00:09]} Rxe6
{[%clk 0:00:08]} 40. b7 {[%clk 0:00:10]} Rb6 {[%clk 0:00:09]} 41. Bd6
{[%clk 0:00:10]} Rxd6 {[%clk 0:00:08]} 42. b8=Q {[%clk 0:00:10]} Rd5
{[%clk 0:00:08]} 43. Qxf8+ {[%clk 0:00:10]} Kh7 {[%clk 0:00:09]} 44. Qh8# 1-0